00498nam a2200145 a 450000100100000000500170001000800410002704000130006810000270008124500880010826000350019630000280023150000420025950400510030100000672920200929154001.0090902s1988 dr 001 0 spa d aDO-SdBNP aRosario Adames, Fausto14aLas bocinas :buna forma viable de comunicación popular /cFausto Rosario Adames. aSanto Domingo :bCepae,c1988. a119 p. :bil. ;c21 cm. aIncluye notas al pie de las páginas aIncluye referencias bibliográficas (113-116)